Od parolode po loď atómovú

Bibliographic Details
Main Author: Haviar, Vladimír, 1911-1996 (Author)
Other Authors: Pevný, Pavol, 1944- (Illustrator)
Format: Book
Language:Slovak
PhysicalDescription:255 s. sch., tab. 11x15 cm
Published: Bratislava Mladé letá 1987
Edition:1. vyd.
Series:Atlásky
Subjects:

MARC

LEADER 00000nam a2200000 a 4500
001 vtls001084883
003 SK-MaSNL
005 20260302084732.0
008 251104s1987 xo a b e 000 0 slo
015 |a SNBA1987/07 
035 |a SNK000027722 
035 |a urn:nbn:sk:snk-am3i28o 
035 |a 3582B8C6-D660-4C70-B609-716F268CDA61 
035 |a urn:nbn:sk:snk-am00dhaw 
040 |a SNK  |b slo  |c SNK  |e AACR2 
041 0 |a slo 
044 |a xo  |c SK 
080 |a 629.12(084.42)  |2 1981 
100 1 |a Haviar, Vladimír,  |d 1911-1996  |4 aut  |9 38398 
245 1 0 |a Od parolode po loď atómovú  |c Vladimír Haviar ; [ilustrácie:] Pavol Pevný 
250 |a 1. vyd. 
260 |a Bratislava  |b Mladé letá  |c 1987  |e Martin  |f Tlačiarne SNP 
300 |a 255 s.  |b sch., tab.  |c 11x15 cm 
490 1 |a Atlásky 
500 |a Rozlož. ilustr. tit. list. Slovníček lodiarskych výrazov. Pre čitateľov od 11 rokov. 
650 0 7 |a lode  |2 SNKPH  |9 28713 
655 7 |a atlasy  |2 SNKPH  |9 70424 
700 1 |a Pevný, Pavol,  |d 1944-  |4 ill  |9 151878 
830 0 |a Atlásky  |9 369313 
954 |a odborná, vedecká literatúra pôvodná (slovenská)  |2 lita 
958 |a EUIPO 
958 |a OND 
958 |a DB 
958 |a TL 
999 |c 1189021  |d 1190951 
952 |t P60, <04>, [BOOK], {604}  |a SNK  |b SNK  |y VYP  |7 0  |p 17A0129959  |o snkSE 7803 D1  |0 0  |1 0  |4 0  |d 1998-03-20  |l 0  |r 2004-12-31 00:00:00  |w 2026-02-24 
952 |a SNK  |b SNK  |y PREZ  |7 0  |p 17A0785145  |o snkSE 7803  |0 0  |1 0  |4 0  |d 2011-11-10  |f 1  |l 0  |r 2026-02-24 22:06:20  |w 2026-02-24